| 000 | 00424nam a2200157Ia 4500 | ||
|---|---|---|---|
| 008 | 230312s9999||||xx |||||||||||||| ||und|| | ||
| 020 | _a1-84112-381-1 | ||
| 082 |
_a658.4092 _bCOH |
||
| 100 | _aPeter S.Cohan | ||
| 245 | 0 | _aTechnology Leaders | |
| 260 |
_bCapstone Publishing _aUK _c2002 |
||
| 300 | _a114 | ||
| 546 | _aEng. | ||
| 650 |
_aManagement _vIntroduction to Technology Leaders , Definition of Terms. |
||
| 942 | _cBK | ||
| 999 |
_c339 _d339 |
||